000 00717nam a22001577a 4500
020 _a81-7141-742-6
082 _a590
_bSAR/F
100 _aSARKAR AMITA
245 _aFUNDAMENTALS OF ANIMAL BEHAVIOUR
250 _aREPRINT
260 _aDELHI
_bDISCOVERY PUBLISHING HOUSE
_c2004
300 _a309
520 _aIT INTRODUCES THE BASIC IDEAS AND CONCEPTS OF MODERN ETHOLOGY SET IN HISTORICAL CONTEXT, THEREBY SHOWING HOW VIEWS HAVE CHANGED SINCE THE SIMPLE THEORIES PUT FORWARD TO STIMULATE AN UNDERSTANDING OF BEHAVIOUR OF WIDE VARIETY OF ANIMALS INCLUDING MAN. DESCRIPTIVE AND EXPERIMENTAL APPROACH INTO A CONCEPTUAL FRAMEWORK FOR ANALYSIS OF BEHAVIORAL STUDIES.
650 _aBIOLOGY REFERENCE
_zINDIA
942 _cBK
999 _c1374
_d1374